Metody měření a jejich aplikace v jaderní energetice
Na minha lista:
| Autor principal: | |
|---|---|
| Formato: | Livro |
| Idioma: | tcheco |
| Publicado em: |
Praha :
ÚISJP,
1986
|
| Tags: |
Sem tags, seja o primeiro a adicionar uma tag!
|
MARC
| LEADER | 00000nam a22000003a 4500 | ||
|---|---|---|---|
| 001 | stu85191 | ||
| 005 | 20150617225632.4 | ||
| 008 | 040324s1986------------------------cze-d | ||
| 040 | |a STU |b slo | ||
| 041 | 0 | |a cze | |
| 080 | |a 536.5.081 | ||
| 080 | |a 621.039 | ||
| 100 | 1 | |a Urbánek, Vladimír |4 aut | |
| 245 | 1 | |a Metody měření a jejich aplikace v jaderní energetice | |
| 260 | |a Praha : |b ÚISJP, |c 1986 | ||
| 300 | |a 80 s | ||
| 996 | |b E60271 |c E*60271 |l EE10 |s P |a 0 |w stu85191_0001 | ||